О методе последовательных интервалов; Известия Томского политехнического института [Известия ТПИ]; Т. 72

Dades bibliogràfiques
Parent link:Известия Томского политехнического института [Известия ТПИ]/ Томский политехнический институт (ТПИ).— , 1944-1976
Т. 72.— 1952.— [С. 13-20]
Autor principal: Сипайлов Г. А. Геннадий Антонович
Sumari:Заглавие с титульного листа
Электронная версия печатной публикации
Idioma:rus
Publicat: 1952
Matèries:
Accés en línia:http://www.lib.tpu.ru/fulltext/v/Bulletin_TPU/1952/v72/03.pdf
Format: MixedMaterials Electrònic Capítol de llibre
KOHA link:https://koha.lib.tpu.ru/cgi-bin/koha/opac-detail.pl?biblionumber=186168

MARC

LEADER 00000nla2a2200000 4500
001 186168
005 20231031173441.0
035 |a (RuTPU)RU\TPU\book\201992 
035 |a RU\TPU\book\201991 
090 |a 186168 
100 |a 20101025d1952 k y0rusy50 ca 
101 0 |a rus 
102 |a RU 
135 |a drnn ---uucaa 
181 0 |a i  
182 0 |a b 
200 1 |a О методе последовательных интервалов  |b Электронный ресурс  |f Г. А. Сипайлов 
203 |a Текст  |c электронный 
215 |a 1 файл (741 Кб) 
230 |a Электронные текстовые данные (1 файл : 741 Кб) 
300 |a Заглавие с титульного листа 
300 |a Электронная версия печатной публикации 
320 |a [Библиогр.: с. 20 (3 назв.)] 
337 |a Adobe Reader 
461 1 |0 (RuTPU)RU\TPU\book\200995  |t Известия Томского политехнического института [Известия ТПИ]  |f Томский политехнический институт (ТПИ)  |d 1944-1976 
463 1 |0 (RuTPU)RU\TPU\book\201988  |t Т. 72  |v [С. 13-20]  |d 1952  |p 228 с. 
610 1 |a электронный ресурс 
610 1 |a труды учёных ТПУ 
700 1 |a Сипайлов  |b Г. А.  |c специалист в области электромеханики  |c профессор Томского политехнического университета  |f 1920-2004  |g Геннадий Антонович  |2 stltpush  |3 (RuTPU)RU\TPU\pers\12400 
801 1 |a RU  |b 63413507  |c 20090320  |g PSBO 
801 2 |a RU  |b 63413507  |c 20150908  |g PSBO 
856 4 |u http://www.lib.tpu.ru/fulltext/v/Bulletin_TPU/1952/v72/03.pdf 
942 |c CF